ბათუმის შოთა რუსთაველის სახელმწიფო უნივერსიტეტის ბიბლიოთეკა

პატრიოტულ–ინტერნაციონალური აღზრდისათვის / (ბიბ.ჩანაწერი № 37937)

000 -ლიდერი
ფიქსირებული სიგრძის საკონტროლო ველი 00914nam a2200217Ia 4500
001 - საკონტროლო ნომერი
საკონტროლო ველი 3918
003 - საკონტროლო ნომრის იდენტიფიკატორი
საკონტროლო ველი GE_BSU
005 - ბოლო ოპერაციის თარიღი და დრო
საკონტროლო ველი 20190910170940.0
008 - ფიქსირებული სიგრძის მონაცემთა ელემენტები - ზოგადი ინფორმაცია
ფიქსირებული სიგრძის საკონტროლო ველი 181216s1988||||ge |||||||||||||| ||geo||
040 ## - კატალოგიზაციის წყარო
Transcribing agency GE_BSU
041 ## - ენის კოდი
Language code of text/sound track or separate title geo
080 ## - უნივერსალური ათობითი კლასიფიკაციის ინდექსი
Universal Decimal Classification number 37.01(479.22) ზ–77
100 ## - მთავარი ჩანაწერი - პიროვნების სახელი
Personal name ზოიძე, აკაკი
9 (RLIN) 2060
245 ## - ცნობა სათაურის შესახებ
Title პატრიოტულ–ინტერნაციონალური აღზრდისათვის /
Statement of responsibility, etc რედ. ა. გობრონიძე.
264 ## - წარმოების, გამოცემის, დისტრიბუციის და სხვა ცნობები
გამოცემის, წარმოების, დისტრიბუციის... ადგილი ბათუმი :
გამოცემის, წარმოების, დისტრიბუციის... სახელწოდება საბჭ. აჭარა,
გამოცემის, წარმოების, დისტრიბუციის... თარიღი 1988.
300 ## - ფიზიკური აღწერა
Extent 115 გვ.;
Other physical details 17 სმ.
653 ## - INDEX TERM--UNCONTROLLED
Uncontrolled term პატრიოტული აღზრდა სკოლაში
653 ## - INDEX TERM--UNCONTROLLED
Uncontrolled term ინტერნაციონალური აღზრდა სკოლაში
700 ## - ADDED ENTRY--PERSONAL NAME
Personal name გობრონიძე, ა.
Relator term რედაქტორი
9 (RLIN) 3948
942 ## - ADDED ENTRY ELEMENTS (KOHA)
Koha item type წიგნი
Source of classification or shelving scheme
ეგზემპლარები
ჩამოწერის სტატუსი დაკარგული ეგზემპლარის სტატუსი კლასიფიკაციის წყარო ან თაროზე გაწყობის სქემა დაზიანების სტატუსი არ გაიცემა მუდმივი მდებარეობა (დაცვის ადგილი) ამჟამინდელი ადგილსამყოფელი თაროზე განთავსების ადგილი შეძენის თარიღი ღირებულება, შესყიდვის ნორმალური ფასი სრული შენახვის შიფრი შტრიხკოდი ბოლო ოპერაციის თარიღი ეგზემპლარის მიმდევრობითი ნომერი (კეტერი?) ფასის ძალაში შესვლის თარიღი ეგზემპლარის სახეობა საჯარო შენიშვნა
          ბათუმის შოთა რუსთაველის სახელმწიფო უნივერსიტეტის მთავარი ბიბლიოთეკა ბათუმის შოთა რუსთაველის სახელმწიფო უნივერსიტეტის მთავარი ბიბლიოთეკა წიგნსაცავი 2018-12-17 1.00 37.01(479.22) ზ–77 5614 2018-12-17 5614 2018-12-17 წიგნი 1 ლ.
          ბათუმის შოთა რუსთაველის სახელმწიფო უნივერსიტეტის მთავარი ბიბლიოთეკა ბათუმის შოთა რუსთაველის სახელმწიფო უნივერსიტეტის მთავარი ბიბლიოთეკა წიგნსაცავი 2018-12-17 1.00 37.01(479.22) ზ–77 5615 2018-12-17 5615 2018-12-17 წიგნი 1 ლ.